=LDR 00000nam 2200000 4500 =001 INLIS000000000028321 =005 20130612130633 =008 ***********************************Ind** =035 ##$$0010-061300000028321 =041 ##$$a Ind =082 ##$$a 523.1 =090 ##$$a 523.1, Pir a =100 ##$$a Pirani, Felix =245 ##$$a Alam semesta for beginners, Felix Pirani =260 ##$$a 1996 $b Jakarta =300 ##$$a 253 hlm, ilus, 21 cm =650 ##$$a Alam Semesta =850 ##$$a NBPNMAT